2024 NBA Playoffs Chain Quiz - Statistics

General Stats
  • This quiz has been taken 840 times
  • The average score is 9 of 32
Answer Stats
Hint Answer % Correct
The 1st team in the East... Boston Celtics
100%
went to the conference finals and faced the... Indiana Pacers
91%
against the... Dallas Mavericks
61%
which last won the NBA Finals in... 2011
58%
and their finals mvp was... Dirk Nowitzki
58%
and the team who won 41 games and lost 41 games were the... HINT: they are in the same state as the Mavs Houston Rockets
56%
and his jersey number was... 41
55%
and their most recent MVP was... James Harden
55%
and he plays for the... Los Angeles Clippers
55%
and they lost to the... Dallas Mavericks
50%
and are going to the... NBA Finals
50%
and won.. 4-0
41%
in how many games? 6 games
24%
vs the... Miami Heat
12%
and he tore his ACL in what year? 2021
11%
and the MVP of the conference finals in the west was... Luka Doncic
11%
is the same amount of games it took them to win the... NBA Finals
11%
and they lost in... 5 games
10%
to go to the first round against the... Boston Celtics
10%
and they lost in Game 2 and Game 5 to what player hitting game-winners? Jamal Murray
10%
and beat a former Finals MVP and MVP and their name was ___ LeBron James
10%
and he plays for the... Los Angeles Lakers
10%
and the year after that, he won... MVP
10%
and the Finals MVP was... Nikola Jokic
10%
in the same amount of games in the finals they lost against the... Denver Nuggets
9%
and the MVP of that series was... Jaylen Brown
8%
That lost to the... Boston Celtics
7%
and in 2024, they lost to the... Indiana Pacers
7%
and they lost to the... Milwaukee Bucks
7%
Then lost in the second round to the... Phoenix Suns
7%
and they faced the ___ and the ___ in the 2024 Sofi Play-In... 76ers and Bulls
6%
and the Nuggets beat the ___ in the first round? Portland Trail Blazers
6%
No matching quizzes found
Score Distribution
Percent of People with Each Score
Percentile by Number Answered
Your Score History
You have not taken this quiz